Explosivverdichtung pulviger Substanzen : Grundlagen, Verfahren, Ergebnisse. Mit 64 Abbildungen /

Salvato in:
Dettagli Bibliografici
Autore principale: Prümmer, Rolf (Autore)
Natura: Libro
Lingua:tedesco
Pubblicazione: Berlin : Springer Verlag, 1987
Soggetti:
Tags: Aggiungi Tag
Nessun Tag, puoi essere il primo ad aggiungerne!!

MARC

LEADER 00000nam a22000003a 4500
001 stu41044
005 20150617225721.3
008 930623s1987----gw------------------ger-d
040 |a STU  |b slo 
041 0 |a ger 
044 |a gw 
080 |a 662.221.1.035  |7 stu_us_auth*stu2295 
100 1 |a Prümmer, Rolf  |4 aut 
245 1 |a Explosivverdichtung pulviger Substanzen :  |b Grundlagen, Verfahren, Ergebnisse. Mit 64 Abbildungen /  |c [aut.]Rolf Prümmer 
260 |a Berlin :  |b Springer Verlag,  |c 1987 
300 |a 100 s 
650 7 |a Detonácia prášková  |2 stusub 
996 |b 284M012770  |c M*5399-1  |l MMKN  |s A  |a 24  |w stu41044_0001